|
|
|
|
| LEADER |
02427nam a2200505 i 4500 |
| 001 |
EBC3426009 |
| 003 |
MiAaPQ |
| 005 |
20200520144314.0 |
| 006 |
m o d | |
| 007 |
cr cnu|||||||| |
| 008 |
050603s2005 nyu ob 001 0 eng|d |
| 020 |
|
|
|z 9780801441875 (cloth : alk. paper)
|
| 020 |
|
|
|z 0801441870 (cloth : alk. paper)
|
| 020 |
|
|
|z 9781501700637
|
| 020 |
|
|
|a 9781501700866
|q (electronic bk.)
|
| 035 |
|
|
|a (MiAaPQ)EBC3426009
|
| 035 |
|
|
|a (Au-PeEL)EBL3426009
|
| 035 |
|
|
|a (CaPaEBR)ebr11091017
|
| 035 |
|
|
|a (CaONFJC)MIL823638
|
| 035 |
|
|
|a (OCoLC)930706519
|
| 040 |
|
|
|a MiAaPQ
|b eng
|e rda
|e pn
|c MiAaPQ
|d MiAaPQ
|
| 043 |
|
|
|a a-ja---
|
| 050 |
|
4 |
|a HC465.H53
|b A573 2005
|
| 082 |
0 |
|
|a 330.952/05
|2 22
|
| 100 |
1 |
|
|a Anchordoguy, Marie,
|e author.
|
| 245 |
1 |
0 |
|a Reprogramming Japan :
|b the high tech crisis under communitarian capitalism /
|c Marie Anchordoguy.
|
| 264 |
|
1 |
|a Ithaca, New York :
|b Cornell University Press,
|c 2005.
|
| 300 |
|
|
|a 1 online resource (275 pages)
|
| 336 |
|
|
|a text
|2 rdacontent
|
| 337 |
|
|
|a computer
|2 rdamedia
|
| 338 |
|
|
|a online resource
|2 rdacarrier
|
| 490 |
1 |
|
|a Cornell studies in political economy
|
| 504 |
|
|
|a Includes bibliographical references and index.
|
| 505 |
0 |
|
|a The dynamics of communitarian capitalism -- Norms and institutions -- Telephone titan -- Telecommunications : obsolete institutions -- Computers : cooperation or competition? -- Software : programmed for failure -- Semiconductors : from boom to bust -- Crisis in communitarian capitalism.
|
| 588 |
|
|
|a Description based on print version record.
|
| 590 |
|
|
|a Electronic reproduction. Ann Arbor, MI : ProQuest, 2015. Available via World Wide Web. Access may be limited to ProQuest affiliated libraries.
|
| 650 |
|
0 |
|a High technology industries
|z Japan.
|
| 650 |
|
0 |
|a Capitalism
|x Social aspects
|z Japan.
|
| 650 |
|
0 |
|a Industrial policy
|z Japan.
|
| 651 |
|
0 |
|a Japan
|x Economic conditions
|y 1989-
|
| 655 |
|
4 |
|a Electronic books.
|
| 776 |
0 |
8 |
|i Print version:
|a Anchordoguy, Marie.
|t Reprogramming Japan : the high tech crisis under communitarian capitalism.
|d Ithaca, New York : Cornell University Press, 2005
|h xii, 257 pages ; 24 cm.
|k Cornell studies in political economy
|z 9781501700637
|w (DLC) 2005016062
|
| 797 |
2 |
|
|a ProQuest (Firm)
|
| 830 |
|
0 |
|a Cornell studies in political economy.
|
| 856 |
4 |
0 |
|u https://ebookcentral.proquest.com/lib/matrademy/detail.action?docID=3426009
|z Click to View
|